000 00613nam a2200229Ia 4500
003 OSt
005 20221007082130.0
006 a|||||r|||| 00| 0
007 ta
008 221006b |||||||| |||| 00| 0 eng d
024 _a25,545
037 _cTextual
040 _aFLL
_cFLL
_beng
041 _2eng
_aeng
082 _aV41:2:N2, F2
100 _aWilloughby W. W.
_998239
245 0 _aConstitutional government in China
260 _aWashington
_bThe Endowment
_c1922
300 _aviii,61p
_ccm.
942 _hV41:2:N2, F2
_cTEXL
_2CC
999 _c1165418
_d1165418